000 00903nam a2200265Ia 4500
001 21953
005 20260320113328.0
008 260320s9999||||xx |||||||||||||| ||und||
020 _a9788425227905
041 _aESP
082 _a729
_bCH554D
100 _aChing, Francis D. K.,
_eAUT
245 0 _aDiseño de interiores :
_bun manual
246 _a
_5
_b
250 _aSegunda edición ampliada y revisada
260 _aBarcelona :
_bGustavo Gili,
_c2015
300 _avi, 365 páginas :
_bfiguras, planos ;
_c30 cm.
_e
440 _a
_n
_v
650 _aABD
653 _aArquitectura; Diseño y decoración de estructuras; Diseño de interiores
654 _aCAU
700 _aBinggeli, Corky,
_cAUT
856 _uhttps://www-architectureopenlibrary-com.ucsp.lookproxy.com/eng/libro/437-0-WOOD_INTERIORS
_zVéase además: Base de datos Architecture Open Library
942 _cLIB
_dJUS
_fTRC
_2ddc
_n
999 _c21953
_d21953